[Event "Detroit (MI Op/6/39)"]
[Site "?"]
[Date "1992.??.??"]
[Round "?"]
[White "Walker, Douglas"]
[Black "Householder, James"]
[Result "1-0"]
[WhiteElo "1815"]
[BlackElo "1605"]
[PlyCount "69"]
[EventDate "1992.??.??"]

{6/(39)} 1. d4 Nf6 2. Nf3 g6 3. e3 Bg7 4. Bd3 c5 5. c3 O-O 6. O-O b6 7. Nbd2
Bb7 8. e4 d6 9. Re1 Na6 10. Qe2 Nc7 11. Nf1 Nd7 12. Be3 Re8 13. Ng3 d5 14. e5
c4 15. Bc2 Ne6 16. Ng5 Ndf8 17. f4 b5 18. f5 Nc7 19. Qg4 f6 20. Nh3 Bc8 21. e6
g5 22. Nh5 h6 23. N3f4 Nh7 24. h4 Rf8 25. Kf2 Ne8 26. Ng6 a5 27. Rh1 Ra6 28.
Nxf8 Kxf8 29. Nxg7 Nxg7 30. hxg5 h5 31. Rxh5 Nxh5 32. Qxh5 Kg7 33. Qf7+ Kh8 34.
Rh1 Qg8 35. g6 1-0

[Event "Detroit (MI Action/3)"]
[Site "?"]
[Date "1992.??.??"]
[Round "?"]
[White "Walker, Douglas"]
[Black "Dyer, Todd"]
[Result "1-0"]
[WhiteElo "1875"]
[BlackElo "1605"]
[PlyCount "61"]
[EventDate "1992.??.??"]

1. d4 Nf6 2. c4 d5 3. Nc3 c6 4. Bg5 e6 5. e3 Nbd7 6. Bd3 h6 7. Bh4 Bb4 8. Nge2
Bd6 9. c5 Bc7 10. O-O Bxh2+ 11. Kxh2 Ng4+ 12. Kh3 g5 13. Bg3 Ndf6 14. Be5 h5
15. Ng1 Rg8 16. Qe2 Nxe5 17. dxe5 g4+ 18. Kh2 g3+ 19. fxg3 Ng4+ 20. Kh1 Qg5 21.
Nf3 Qh6 22. Rae1 h4 23. gxh4 Nxe5 24. Nxe5 Qxh4+ 25. Kg1 Rh8 26. Qf3 f5 27. Qf4
Qh7 28. Rf3 Rg8 29. Rg3 Bd7 30. Rxg8+ Qxg8 31. Qh4 1-0

[Event "Flint (Class A/5)"]
[Site "?"]
[Date "1992.??.??"]
[Round "?"]
[White "Walker, Douglas"]
[Black "Aldrich, Jeff"]
[Result "0-1"]
[WhiteElo "1845"]
[BlackElo "1895"]
[PlyCount "148"]
[EventDate "1992.??.??"]

1. e4 c6 2. e5 e6 3. d4 d5 4. c3 Ne7 5. Bd3 Nd7 6. Nf3 Qb6 7. Nbd2 c5 8. Bc2
Nc6 9. Ba4 cxd4 10. Bxc6 bxc6 11. cxd4 Ba6 12. Nb3 c5 13. Be3 cxd4 14. Qxd4
Bb4+ 15. Bd2 Qb5 16. O-O-O Bc5 17. Nxc5 Nxc5 18. Kb1 Rb8 19. Bc1 O-O 20. Rhe1
Nd3 21. Re3 Nxc1 22. Rxc1 Rfc8 23. Nd2 Rxc1+ 24. Kxc1 Rc8+ 25. Kb1 Qc6 26. Rc3
Qb6 27. Rxc8+ Bxc8 28. Qa4 Kf8 29. Qc2 Ba6 30. Nf3 h6 31. a3 d4 32. b4 d3 33.
Qc5+ Qxc5 34. bxc5 Ke8 35. Kb2 Kd7 36. Kc3 Kc6 37. Kb4 f6 38. Ka5 Bc4 39. exf6
gxf6 40. Kb4 Ba6 41. g3 e5 42. Nd2 Kd5 43. g4 Bc8 44. h3 f5 45. gxf5 Bxf5 46.
h4 Bd7 47. Kc3 e4 48. Kb4 Bc6 49. Nb3 e3 50. fxe3 Ke4 51. Kc3 Kxe3 52. Nd2 Ke2
53. Nb3 Be4 54. Kd4 Bf5 55. Ke5 Bc8 56. Nc1+ Kd2 57. Nxd3 Kxd3 58. c6 Kc4 59.
Kd6 Kb5 60. Kc7 Bg4 61. Kb8 a5 62. c7 Ka4 63. c8=Q Bxc8 64. Kxc8 Kxa3 65. Kd7
Kb3 66. Ke6 a4 67. Kf5 a3 68. Kg6 a2 69. Kxh6 a1=Q 70. h5 Qh8+ 71. Kg6 Kc4 72.
h6 Kd5 73. h7 Ke5 74. Kh6 Kf5 0-1

[Event "Detroit (MOR/6/100)"]
[Site "?"]
[Date "1992.??.??"]
[Round "?"]
[White "Walker, Anthony"]
[Black "Ruelas, Erik"]
[Result "0-1"]
[WhiteElo "1605"]
[BlackElo "1605"]
[PlyCount "60"]
[EventDate "1992.??.??"]

{6/(100)} 1. e4 c5 2. Nf3 d6 3. Nc3 Nc6 4. d4 cxd4 5. Nxd4 Bd7 6. Be3 e5 7. Nf5
Bxf5 8. exf5 Qf6 9. Nb5 Rc8 10. Bc4 a6 11. Bxf7+ Qxf7 12. Nxd6+ Bxd6 13. Qxd6
Rd8 14. Qc5 Qxf5 15. O-O Nf6 16. f4 Rd5 17. Qa3 exf4 18. Bxf4 Qxc2 19. Rae1+
Kf7 20. Rc1 Qd3 21. Rc3 Qb5 22. b3 Nd4 23. Rc7+ Rd7 24. Re1 Ne2+ 25. Kh1 Nxf4
26. Rxd7+ Qxd7 27. b4 Re8 28. Qb3+ Kf8 29. Rxe8+ Qxe8 30. Qc3 Nd3 0-1

[Event "Detroit (MOR/2/95)"]
[Site "?"]
[Date "1992.??.??"]
[Round "?"]
[White "Walker, Anthony"]
[Black "Kishek, R."]
[Result "0-1"]
[WhiteElo "1605"]
[BlackElo "1605"]
[PlyCount "94"]
[EventDate "1992.??.??"]

{2/(95)} 1. e4 e6 2. d4 d5 3. e5 c5 4. c3 Nc6 5. Nf3 f6 6. Bb5 Qb6 7. Bxc6+
bxc6 8. O-O cxd4 9. cxd4 c5 10. b3 cxd4 11. Bb2 Bc5 12. Nxd4 fxe5 13. Qh5+ Ke7
14. Qxe5 Nf6 15. Nf5+ Kd7 16. Nxg7 Rf8 17. Nd2 Ng4 18. Nc4 Nxe5 19. Nxb6+ axb6
20. Bxe5 Ba6 21. Rfc1 Bxf2+ 22. Kh1 Bc5 23. b4 Bd6 24. Bxd6 Kxd6 25. a4 Be2 26.
b5 Rf7 27. Rc6+ Kd7 28. Rxb6 Raf8 29. Rb7+ Kd6 30. Rb6+ Kc7 31. Nxe6+ Kxb6 32.
Nxf8 Rxf8 33. Kg1 Ka5 34. Re1 Bc4 35. Rb1 Kxa4 36. b6 Rb8 37. Kf2 Ka5 38. Ke3
Rxb6 39. Rxb6 Kxb6 40. Kd4 Kc6 41. g4 Kd6 42. Ke3 Ke5 43. g5 Kf5 44. h4 Kg4 45.
g6 hxg6 46. Kd4 Kxh4 47. Ke3 Kg3 0-1

[Event "Detroit (MOR/4/109)"]
[Site "?"]
[Date "1992.??.??"]
[Round "?"]
[White "Walker, Anthony"]
[Black "Holland, K."]
[Result "1-0"]
[WhiteElo "1605"]
[BlackElo "1605"]
[PlyCount "47"]
[EventDate "1992.??.??"]

{4/(109)} 1. e4 e5 2. Nf3 Nc6 3. Bc4 Nf6 4. O-O Nxe4 5. Re1 d5 6. Bb5 a6 7.
Bxc6+ bxc6 8. d3 Nf6 9. Nxe5 Qd6 10. Nc4+ Qe7 11. Rxe7+ Bxe7 12. Ne5 O-O 13.
Nxc6 Bc5 14. d4 Bd6 15. Nc3 Bd7 16. Ne5 Bb5 17. Bg5 Ne4 18. Nxe4 dxe4 19. c3 f6
20. Qb3+ Kh8 21. Nf7+ Rxf7 22. Qxf7 fxg5 23. Qd5 Bd3 24. Qxa8+ 1-0

[Event "Lansing (Aug)"]
[Site "?"]
[Date "1992.??.??"]
[Round "?"]
[White "Waite, Lawrence"]
[Black "Payne, B."]
[Result "1/2-1/2"]
[WhiteElo "1605"]
[BlackElo "1605"]
[PlyCount "122"]
[EventDate "1992.??.??"]

1. d4 Nf6 2. c4 e6 3. Nc3 Bb4 4. Qc2 O-O 5. Nf3 Nc6 6. Bd2 Bxc3 7. Bxc3 d5 8.
e3 a5 9. a3 Bd7 10. cxd5 Nxd5 11. Bd3 Nf6 12. O-O Ne7 13. Ne5 Nf5 14. b4 axb4
15. Bxb4 Ba4 16. Qb2 Re8 17. Rac1 Nh4 18. Bc2 Qd5 19. f3 h5 20. Bxa4 Rxa4 21.
Rxc7 Nf5 22. e4 Qxd4+ 23. Qxd4 Nxd4 24. Rxb7 Rc8 25. Rd1 Rd8 26. Nxf7 Ne2+ 27.
Kf2 Rxd1 28. Kxe2 Rb1 29. Ng5 Ra8 30. Nxe6 Ne8 31. Nf4 Rc8 32. Kd3 Rd8+ 33. Kc2
Rbd1 34. Nxh5 R1d7 35. Rxd7 Rxd7 36. Nf4 Nc7 37. Nd3 Nb5 38. a4 Rc7+ 39. Kb2
Na7 40. Kb3 Nc6 41. Bc3 Rb7+ 42. Kc2 Rc7 43. Kd2 g6 44. g3 g5 45. f4 gxf4 46.
gxf4 Rh7 47. h4 Rxh4 48. e5 Rh2+ 49. Ke3 Ra2 50. Nc5 Kf7 51. Kd3 Kg6 52. Ke4
Rc2 53. Bd4 Rc4 54. Kd5 Rxd4+ 55. Kxc6 Rxf4 56. a5 Rf2 57. a6 Ra2 58. e6 Kf6
59. Kd7 Rd2+ 60. Kc6 Ra2 61. Kd6 Rd2+ 1/2-1/2

[Event "East Lansing (MI Am/1)"]
[Site "?"]
[Date "1992.??.??"]
[Round "?"]
[White "Waite, Lawrence"]
[Black "Kruskie, Jerry"]
[Result "1/2-1/2"]
[WhiteElo "1605"]
[BlackElo "1835"]
[PlyCount "101"]
[EventDate "1992.??.??"]

1. d4 Nf6 2. c4 e6 3. Nc3 Bb4 4. Qc2 O-O 5. Nf3 c5 6. dxc5 Na6 7. e3 Nxc5 8.
Bd2 b6 9. a3 Bxc3 10. Bxc3 h6 11. Be2 Bb7 12. Bxf6 Qxf6 13. Ra2 Be4 14. Qd1 d5
15. O-O Rfd8 16. Nd2 Rac8 17. Nxe4 dxe4 18. Qc2 Qg5 19. b4 Nd3 20. Rd1 Ne5 21.
Rxd8+ Qxd8 22. Qxe4 Qd6 23. Ra1 Qc7 24. Rc1 Nd7 25. h3 Nf6 26. Qc2 Nd7 27. Qc3
Kf8 28. Rd1 Ne5 29. Rc1 Nd7 30. Qd3 Kg8 31. f4 Nf6 32. Rd1 Kf8 33. Qd6+ Qxd6
34. Rxd6 Ke7 35. Rd4 Ne8 36. Rd1 Nd6 37. Rc1 Ne4 38. Bd3 Nf6 39. Kf2 Rc7 40.
Kf3 Nd7 41. g4 e5 42. Ke4 f6 43. Rc3 exf4 44. exf4 Nf8 45. Kf3 Ne6 46. Ke4 Rd7
47. Ke3 Kf8 48. Bf5 Ke7 49. Rd3 Rc7 50. Rc3 Nf8 51. Kd4 1/2-1/2

[Event "East Lansing (MI Am/2)"]
[Site "?"]
[Date "1992.??.??"]
[Round "?"]
[White "Waite, Lawrence"]
[Black "Imai, Toshio"]
[Result "1-0"]
[WhiteElo "1605"]
[BlackElo "1715"]
[PlyCount "69"]
[EventDate "1992.??.??"]

1. d4 Nf6 2. c4 e5 3. dxe5 Ng4 4. Nf3 Bc5 5. e3 Nc6 6. e6 dxe6 7. Qxd8+ Kxd8 8.
Be2 e5 9. Ng5 Ke7 10. Ne4 Bb4+ 11. Bd2 f5 12. Nec3 h5 13. Nd5+ Kf7 14. Nxb4 Bd7
15. Nd5 Rac8 16. Nbc3 Ne7 17. Nxe7 Kxe7 18. Nd5+ Kf7 19. b3 c6 20. Nc3 e4 21.
f3 exf3 22. Bxf3 Ne5 23. O-O g6 24. e4 Rhe8 25. exf5 Nxf3+ 26. Rxf3 Bxf5 27.
Nd1 Rcd8 28. Bg5 Re1+ 29. Rf1 Rxf1+ 30. Kxf1 Bd3+ 31. Kf2 Re8 32. Ne3 Kg7 33.
h4 Rf8+ 34. Kg3 a6 35. Rd1 1-0

[Event "East Lansing (MI Am/5)"]
[Site "?"]
[Date "1992.??.??"]
[Round "?"]
[White "Waite, Lawrence"]
[Black "Brelitch, D."]
[Result "1-0"]
[WhiteElo "1605"]
[BlackElo "1605"]
[PlyCount "99"]
[EventDate "1992.??.??"]

1. d4 Nf6 2. c4 g6 3. Nc3 Bg7 4. e4 d6 5. f4 O-O 6. Nf3 Bg4 7. Be2 Qd7 8. O-O
Nc6 9. Be3 Bh3 10. gxh3 Qxh3 11. Qd2 Ng4 12. Kh1 e5 13. d5 exf4 14. Bxf4 Nce5
15. Ng1 Qh4 16. Bxg4 Nxg4 17. Bg3 Qh5 18. Nf3 Qh3 19. Rab1 b6 20. Nb5 Rfc8 21.
Qc2 a6 22. Nc3 Bxc3 23. bxc3 Re8 24. Qd3 Nf6 25. Ng5 Qg4 26. Rxf6 Qxg5 27. Rbf1
Rf8 28. Qf3 Qh6 29. Rxf7 Rxf7 30. Qxf7+ Kh8 31. e5 Qg7 32. Qxg7+ Kxg7 33. exd6
cxd6 34. Bxd6 Re8 35. Bc7 Re2 36. d6 Rd2 37. Re1 Kf6 38. Re7 Rd1+ 39. Kg2 Rd2+
40. Kf3 Rd1 41. Rxh7 Ke6 42. Ke2 Rg1 43. d7 Rg2+ 44. Kf3 Rd2 45. d8=Q Rxd8 46.
Bxd8 Kd6 47. Bxb6 Kc6 48. c5 Kb5 49. c4+ Kc6 50. Rc7# 1-0

[Event "Lansing (Aug)"]
[Site "?"]
[Date "1992.??.??"]
[Round "?"]
[White "Vorhauer, Sam"]
[Black "Wright, Ken"]
[Result "1-0"]
[WhiteElo "1605"]
[BlackElo "1605"]
[PlyCount "111"]
[EventDate "1992.??.??"]

1. d4 f5 2. e3 Nf6 3. Bd3 e6 4. Nf3 c6 5. Nbd2 Be7 6. c3 d6 7. Qc2 h6 8. e4
fxe4 9. Nxe4 Nbd7 10. Nxf6+ Nxf6 11. Bg6+ Kd7 12. h3 Rf8 13. c4 Qc7 14. Be3 Kd8
15. O-O Bd7 16. b4 Ng8 17. Bd2 Bf6 18. Bc3 Ne7 19. Rfe1 Nxg6 20. Qxg6 Be8 21.
Qd3 Qf7 22. c5 d5 23. Qe3 Bd7 24. Re2 Qg6 25. Ne5 Bxe5 26. dxe5 Rf5 27. f4 Ke7
28. Qd3 Qf7 29. g3 Rg8 30. Bd2 Qf8 31. Rf2 g5 32. Raf1 g4 33. h4 Be8 34. a4 Bg6
35. Qb3 Kf7 36. Be3 Kg7 37. Bd4 Rf7 38. b5 Qc8 39. Rb2 h5 40. Ra1 Be4 41. Ra3
Re8 42. Qc3 cxb5 43. axb5 Qb8 44. Kf2 Rc8 45. b6 axb6 46. Rxb6 Rc6 47. Qb4 Rfc7
48. Qb2 Rxb6 49. Qxb6 Bg6 50. Qxe6 Bf7 51. Qd6 Qc8 52. e6+ Kg8 53. exf7+ Rxf7
54. Qg6+ Kf8 55. Re3 Qf5 56. Qh6+ 1-0

[Event "East Lansing (MI Am/1)"]
[Site "?"]
[Date "1992.??.??"]
[Round "?"]
[White "Vorhauer, Sam"]
[Black "Spooner, Frank"]
[Result "1-0"]
[WhiteElo "1605"]
[BlackElo "1880"]
[PlyCount "75"]
[EventDate "1992.??.??"]

1. d4 Nf6 2. Nf3 b6 3. e3 Bb7 4. c4 e6 5. Bd3 Be7 6. Nbd2 d5 7. a3 O-O 8. Qc2
h6 9. O-O c5 10. b3 Nbd7 11. Bb2 Rc8 12. Qd1 Ne4 13. Qe2 Ndf6 14. Ne5 Nxd2 15.
Qxd2 Ne4 16. Qe2 Bd6 17. Rad1 Bxe5 18. dxe5 Qe7 19. Bxe4 dxe4 20. Rd6 Rfd8 21.
Rfd1 Rxd6 22. exd6 Qd7 23. Qg4 f5 24. Qh4 Rf8 25. Qe7 Rf7 26. Qh4 b5 27. Be5
Ba6 28. g4 bxc4 29. bxc4 Bxc4 30. Rb1 fxg4 31. Qxg4 Rf3 32. Rb8+ Kh7 33. Rd8
Qf7 34. d7 Rxf2 35. Rh8+ Kxh8 36. d8=Q+ Kh7 37. Qxe4+ g6 38. Qh8# 1-0

[Event "East Lansing (MI Am/3)"]
[Site "?"]
[Date "1992.??.??"]
[Round "?"]
[White "Vorhauer, Sam"]
[Black "Kruskie, Jerry"]
[Result "1-0"]
[WhiteElo "1605"]
[BlackElo "1835"]
[PlyCount "55"]
[EventDate "1992.??.??"]

1. d4 Nf6 2. Nf3 d5 3. e3 e6 4. Bd3 c5 5. c3 b6 6. Nbd2 Bb7 7. O-O Nc6 8. Re1
cxd4 9. exd4 Be7 10. Nf1 O-O 11. Bg5 Rc8 12. Qe2 Qc7 13. a3 Rfe8 14. Ne5 Nd7
15. Bxh7+ Kf8 16. Nxd7+ Qxd7 17. Qh5 Bxg5 18. Qxg5 Qe7 19. Qh5 Qf6 20. Re3 g6
21. Bxg6 Qxg6 22. Qh4 f6 23. Rg3 Qf7 24. Qh6+ Ke7 25. Rg7 Rg8 26. Rxf7+ Kxf7
27. Qh5+ Ke7 28. Qh7+ 1-0

[Event "East Lansing (MI Am/4)"]
[Site "?"]
[Date "1992.??.??"]
[Round "?"]
[White "Vorhauer, Sam"]
[Black "Horton, Deon"]
[Result "0-1"]
[WhiteElo "1605"]
[BlackElo "1610"]
[PlyCount "77"]
[EventDate "1992.??.??"]

1. d4 Nf6 2. Nf3 g6 3. e3 Bg7 4. Bd3 b6 5. c3 Ba6 6. Qc2 Bxd3 7. Qxd3 O-O 8.
O-O d5 9. Nbd2 c5 10. e4 dxe4 11. Nxe4 cxd4 12. Rd1 Qc7 13. Nxf6+ Bxf6 14. Bg5
dxc3 15. Bxf6 exf6 16. Qxc3 Qxc3 17. bxc3 Nc6 18. Rd7 Ne5 19. Rd6 Nxf3+ 20.
gxf3 Rac8 21. Rc1 f5 22. Rd7 a6 23. c4 Rfd8 24. Rxd8+ Rxd8 25. c5 Rc8 26. c6
Rc7 27. a4 Kf8 28. a5 b5 29. Kf1 Ke7 30. Rd1 Rxc6 31. Re1+ Kd7 32. Rd1+ Kc7 33.
Re1 Kd7 34. Rd1+ Rd6 35. Rc1 Rd4 36. Ke2 f4 37. Rb1 Ra4 38. Re1 Ke7 39. Kd2+
0-1

[Event "Lansing (Aug)"]
[Site "?"]
[Date "1992.??.??"]
[Round "?"]
[White "Vorhauer, Sam"]
[Black "Hall, W."]
[Result "0-1"]
[WhiteElo "1605"]
[BlackElo "1605"]
[PlyCount "37"]
[EventDate "1992.??.??"]

1. d4 d5 2. Nf3 Nf6 3. e3 g6 4. Bd3 Bg7 5. Nbd2 O-O 6. c3 Re8 7. O-O Nc6 8. e4
dxe4 9. Nxe4 Nxe4 10. Bxe4 Bg4 11. h3 Bd7 12. Ng5 e5 13. Qb3 Na5 14. Qxf7+ Kh8
15. f3 Qf6 16. Bd2 Qxf7 17. Nxf7+ Kg8 18. Nh6+ Kh8 19. dxe5 0-1

[Event "Flint (Class C/2)"]
[Site "?"]
[Date "1992.??.??"]
[Round "?"]
[White "Viskantas, K."]
[Black "Nicolli, Randy"]
[Result "1-0"]
[WhiteElo "1605"]
[BlackElo "1605"]
[PlyCount "93"]
[EventDate "1992.??.??"]

1. e4 c5 2. c4 Nc6 3. Nc3 Nf6 4. d3 g6 5. g3 Bg7 6. Bg2 d6 7. Nge2 Bg4 8. h3
Bd7 9. O-O Qc8 10. Kh2 Qc7 11. Nd5 Nxd5 12. cxd5 Nd4 13. Be3 Nxe2 14. Qxe2 O-O
15. Rac1 f5 16. b3 fxe4 17. dxe4 a6 18. a4 b5 19. Qa2 Rab8 20. f4 bxa4 21. bxa4
Rb2 22. Qc4 Rb4 23. Qxa6 Rxa4 24. Qe2 Rb4 25. e5 Bb5 26. Qa2 Kh8 27. Rf2 Rb8
28. f5 gxf5 29. Rxf5 Bxe5 30. Qf2 Bg7 31. Rf7 Bd3 32. Bg5 Rb2 33. Qe3 c4 34.
Rxe7 Qc8 35. Re1 Qf5 36. Re8+ Rxe8 37. Qxe8+ Bf8 38. Bf4 Kg7 39. Kh1 Qf6 40.
Qd7+ Qf7 41. Bh6+ Kg8 42. Re8 c3 43. Rxf8+ Qxf8 44. Bxf8 Kxf8 45. Qxd6+ Kg8 46.
Qe6+ Kf8 47. Qf6+ 1-0

[Event "Flint (Class C/4)"]
[Site "?"]
[Date "1992.??.??"]
[Round "?"]
[White "Viskantas, K."]
[Black "Mannor, Keith"]
[Result "1-0"]
[WhiteElo "1605"]
[BlackElo "1605"]
[PlyCount "39"]
[EventDate "1992.??.??"]

1. e4 e5 2. Nf3 Nc6 3. Bc4 Bc5 4. d4 Bxd4 5. Ng5 Nh6 6. O-O Bxb2 7. Bxf7+ Nxf7
8. Nxf7 Kxf7 9. Bxb2 Qg5 10. Nc3 d6 11. Nd5 Qd8 12. f4 Ke8 13. fxe5 Nxe5 14.
Bxe5 dxe5 15. Qh5+ g6 16. Qxe5+ Kd7 17. Rf7+ Kc6 18. Ne7+ Kb6 19. Rb1+ Ka6 20.
Qb5# 1-0

[Event "Flint (Class C/5)"]
[Site "?"]
[Date "1992.??.??"]
[Round "?"]
[White "Viskantas, K."]
[Black "Edson, James"]
[Result "1-0"]
[WhiteElo "1605"]
[BlackElo "1605"]
[PlyCount "97"]
[EventDate "1992.??.??"]

1. e4 e5 2. Nf3 Nc6 3. Bc4 Nf6 4. Ng5 d5 5. exd5 Na5 6. Bb5+ Bd7 7. Qe2 c6 8.
Qxe5+ Qe7 9. Qxe7+ Bxe7 10. dxc6 Nxc6 11. Bxc6 Bxc6 12. O-O O-O 13. Nc3 Rac8
14. d3 Nd5 15. Nxd5 Bxd5 16. c3 Rc5 17. Ne4 Rc6 18. Be3 a6 19. Ng3 Rd8 20. Ne2
b5 21. Nf4 f6 22. Nxd5 Rxd5 23. d4 Kf7 24. Rfe1 Ke8 25. Bd2 Kd7 26. Re3 Rdd6
27. Rae1 Re6 28. d5 Rxe3 29. dxc6+ Kxc6 30. Rxe3 Bd6 31. Re8 a5 32. Rh8 b4 33.
Rxh7 bxc3 34. Bxc3 a4 35. Rxg7 a3 36. bxa3 Bxa3 37. Rg6 Be7 38. Bxf6 Bxf6 39.
Rxf6+ Kd5 40. g4 Ke5 41. g5 Ke4 42. a4 Ke5 43. a5 Ke4 44. a6 Ke5 45. a7 Kd4 46.
a8=Q Ke5 47. Qe8+ Kd5 48. Rf7 Kd6 49. Rd7+ 1-0

[Event "Detroit (MI Op/5/16)"]
[Site "?"]
[Date "1992.??.??"]
[Round "?"]
[White "Vemuri, Rav"]
[Black "Pence, Mark"]
[Result "0-1"]
[WhiteElo "1845"]
[BlackElo "2095"]
[PlyCount "70"]
[EventDate "1992.??.??"]

{5/(16)} 1. d4 Nf6 2. Nd2 d5 3. e3 Bf5 4. c4 e6 5. Ngf3 c6 6. cxd5 exd5 7. Be2
Nbd7 8. O-O Bd6 9. Nh4 Be6 10. g3 g5 11. Nhf3 h6 12. Kg2 Qc7 13. Bd3 O-O-O 14.
Qa4 Kb8 15. b4 Nb6 16. Qa3 Qd7 17. Ng1 h5 18. Nb3 Qe7 19. Nc5 Bc8 20. Qb2 h4
21. a4 hxg3 22. fxg3 Ng4 23. Nf3 f6 24. a5 Nc4 25. Bxc4 dxc4 26. Qb1 Rh7 27. e4
Rdh8 28. Rh1 Qc7 29. Bd2 Bxg3 30. hxg3 Rxh1 31. Qxh1 Rxh1 32. Rxh1 Qe7 33. Rh8
b6 34. axb6 axb6 35. Na4 Qxe4 0-1

[Event "Detroit (MI Op/7/28)"]
[Site "?"]
[Date "1992.??.??"]
[Round "?"]
[White "Vemuri, Rav"]
[Black "Mitchell, Richard"]
[Result "1-0"]
[WhiteElo "1845"]
[BlackElo "2010"]
[PlyCount "85"]
[EventDate "1992.??.??"]

{7/(28)} 1. d4 f5 2. c4 g6 3. Nc3 Nf6 4. Bg5 Bg7 5. e3 d6 6. Nf3 c6 7. Be2 Qc7
8. O-O O-O 9. Rc1 e5 10. Qc2 e4 11. Nd2 Be6 12. Bf4 Qe7 13. h3 Nbd7 14. b4 h6
15. c5 Ne8 16. Nc4 Bxc4 17. Bxc4+ d5 18. Nxd5 cxd5 19. Bxd5+ Kh7 20. Bxb7 g5
21. Bxg5 Qxg5 22. Bxa8 Nc7 23. Bb7 Rg8 24. g3 Nf6 25. Kh2 Nfd5 26. Bxd5 Nxd5
27. Rg1 Nxb4 28. Qd2 Nd3 29. Rcd1 Rb8 30. Rb1 Rd8 31. Rb3 Bxd4 32. exd4 Rxd4
33. Rb7+ Kg6 34. Qc3 Ne5 35. Kh1 Nf3 36. Rf1 Qh5 37. Kg2 Qg5 38. c6 f4 39. c7
fxg3 40. Qc6+ Kh5 41. Qe8+ Kh4 42. c8=Q Rd2 43. Qxe4+ 1-0

[Event "Detroit (MI Op/2/14)"]
[Site "?"]
[Date "1992.??.??"]
[Round "?"]
[White "Vemuri, Rav"]
[Black "Mazuchowski, Tom"]
[Result "1/2-1/2"]
[WhiteElo "1845"]
[BlackElo "2140"]
[PlyCount "127"]
[EventDate "1992.??.??"]

{2/(14)} 1. d4 Nf6 2. e3 g6 3. Nd2 Bg7 4. f4 d6 5. Ngf3 O-O 6. Bd3 Nc6 7. c3 e5
8. fxe5 dxe5 9. O-O Qe7 10. dxe5 Ng4 11. Qe2 Ncxe5 12. Nxe5 Nxe5 13. Bc2 Bg4
14. Nf3 Rae8 15. Bd2 Qc5 16. Kh1 Nc4 17. b4 Qd5 18. Bb3 b5 19. Qf2 Bxf3 20.
Bxc4 Bxg2+ 21. Qxg2 Qxg2+ 22. Kxg2 bxc4 23. Rf4 c5 24. bxc5 Rb8 25. Raf1 Rb2
26. R1f2 Rxa2 27. Rxc4 Rc8 28. e4 Ra6 29. Rb4 Be5 30. Rb7 Rc7 31. Rxc7 Bxc7 32.
Be3 Be5 33. Bd4 f6 34. Rb2 Rc6 35. Rb7 Ra6 36. h3 Ra2+ 37. Kf3 Ra6 38. Ke3 g5
39. Kd3 h5 40. Kc4 g4 41. hxg4 hxg4 42. Kb5 Re6 43. Rxa7 g3 44. c6 g2 45. Ra1
Kf8 46. Kb6 Bh2 47. Bg1 Be5 48. Ra8+ Kf7 49. c4 Bg3 50. Ra2 Rxe4 51. Rxg2 Be5
52. Bh2 Bxh2 53. Rxh2 Rxc4 54. c7 Ke6 55. Rh8 Ke5 56. c8=Q Rxc8 57. Rxc8 f5 58.
Re8+ Kd4 59. Rd8+ Ke3 60. Kc5 f4 61. Re8+ Kd3 62. Kd5 f3 63. Ke5 f2 64. Rf8
1/2-1/2

[Event "Detroit (MOR/2/51)"]
[Site "?"]
[Date "1992.??.??"]
[Round "?"]
[White "Vemuri, Ramana"]
[Black "Smalec, John"]
[Result "1/2-1/2"]
[WhiteElo "1605"]
[BlackElo "1790"]
[PlyCount "52"]
[EventDate "1992.??.??"]

{2/(51)} 1. d4 Nf6 2. c4 c5 3. d5 b5 4. cxb5 a6 5. e3 g6 6. Nc3 Bg7 7. Nf3 O-O
8. e4 d6 9. Be2 axb5 10. Bxb5 Ba6 11. O-O Bxb5 12. Nxb5 Nxe4 13. Re1 Nf6 14.
Nc3 Nbd7 15. Bg5 Re8 16. Qd2 Nb6 17. Rad1 Qd7 18. Re2 Qb7 19. h3 Na4 20. Nxa4
Rxa4 21. b3 Ra3 22. Bh6 Bh8 23. Bg5 Rea8 24. Qe1 Re8 25. Qd2 Bg7 26. Bh6 Bh8
1/2-1/2

[Event "Detroit (MOR/5/53)"]
[Site "?"]
[Date "1992.??.??"]
[Round "?"]
[White "Vemuri, Ramana"]
[Black "Rosenberg, Steve"]
[Result "0-1"]
[WhiteElo "1605"]
[BlackElo "1745"]
[PlyCount "104"]
[EventDate "1992.??.??"]

{5/(53)} 1. d4 Nf6 2. c4 d6 3. Nc3 g6 4. e4 Bg7 5. f3 O-O 6. Be3 e5 7. d5 Nh5
8. Qd2 f5 9. Bd3 f4 10. Bf2 Qg5 11. Bf1 Qh6 12. Qe2 Ng3 13. Bxg3 fxg3 14. h3
Qf4 15. Qd2 g5 16. Bd3 Qh4 17. O-O-O g4 18. Kb1 Na6 19. Nce2 Nc5 20. Qe1 Nxd3
21. Rxd3 gxf3 22. Nxf3 Qxe4 23. Qd1 Bf5 24. Ne1 Qxc4 25. Nxg3 Bxd3+ 26. Qxd3
Qxd3+ 27. Nxd3 Rae8 28. Ne4 h6 29. Kc2 Rf7 30. Re1 Ref8 31. Re2 Rd7 32. Kb3 c6
33. Nb4 c5 34. Nd3 b5 35. Kc2 Rff7 36. a3 Kf8 37. Kc3 Ke8 38. Kc2 Rd8 39. Kc3
Kd7 40. Kc2 Bf6 41. Kc3 Bg5 42. Kc2 Rf1 43. Ne1 Rdf8 44. Kc3 a5 45. Kc2 Rg1 46.
Nf3 Rc1+ 47. Kb3 c4+ 48. Ka2 b4 49. b3 c3 50. a4 c2 51. Kb2 Rc8 52. Nfd2 Rb1+
0-1

[Event "Detroit (MOR/6/61)"]
[Site "?"]
[Date "1992.??.??"]
[Round "?"]
[White "Vemuri, Ramana"]
[Black "Moore, Robert"]
[Result "0-1"]
[WhiteElo "1605"]
[BlackElo "1765"]
[PlyCount "84"]
[EventDate "1992.??.??"]

{6/(61)} 1. d4 g6 2. c4 Bg7 3. Nc3 d6 4. e4 e5 5. d5 Ne7 6. g4 O-O 7. h4 f5 8.
gxf5 gxf5 9. f3 f4 10. h5 Nd7 11. Qe2 h6 12. Bh3 Nf6 13. Bxc8 Rxc8 14. Bd2 c6
15. O-O-O cxd5 16. cxd5 Qe8 17. Qh2 b5 18. Kb1 b4 19. Nce2 Qb5 20. Nc1 Qc4 21.
Nge2 Nxe4 22. fxe4 Qxe4+ 23. Ka1 Nxd5 24. Rhg1 Rf7 25. Qh3 Qf5 26. Qb3 Qe4 27.
Rg4 a5 28. Rdg1 Rcc7 29. Rd1 Kf8 30. Ng1 Nf6 31. Rh4 Qf5 32. Qf3 Qc2 33. Qe2
Ne4 34. Nf3 Nxd2 35. Qxd2 Qxd2 36. Nxd2 Rc2 37. Kb1 Rfc7 38. Rhh1 e4 39. Rhg1
Rxb2+ 40. Ka1 Rxd2+ 41. Rxg7 Rxc1+ 42. Rxc1 Kxg7 0-1

[Event "Flint (Beg/3)"]
[Site "?"]
[Date "1992.??.??"]
[Round "?"]
[White "Velasquez, A."]
[Black "Kamberi, Sonny"]
[Result "0-1"]
[WhiteElo "1605"]
[BlackElo "1605"]
[PlyCount "74"]
[EventDate "1992.??.??"]

1. d4 Nf6 2. Nf3 b6 3. e3 e6 4. Bd3 Bb7 5. Nbd2 c5 6. O-O Nc6 7. c3 Qc7 8. Re1
cxd4 9. exd4 Be7 10. Qe2 O-O 11. Ne4 Rac8 12. Nxf6+ Bxf6 13. Qe4 g6 14. Qe3
Rfe8 15. Ng5 h6 16. Nxf7 Kxf7 17. Qxh6 Rg8 18. Bf4 e5 19. Bc4+ Ke7 20. Bxg8
Rxg8 21. Rad1 Kf7 22. Bg5 Rh8 23. Qxh8 Bxh8 24. Re3 exd4 25. Red3 Ba6 26. R3d2
Qe5 27. h4 Qf5 28. cxd4 Bxd4 29. b4 b5 30. a3 Bc8 31. Rc1 Bb6 32. Rf1 Bb7 33.
Rd6 Bd4 34. Be3 Ke7 35. Rxd4 Nxd4 36. Bxd4 Qg4 37. Re1+ Kf7 0-1

[Event "Flint (Beg/4)"]
[Site "?"]
[Date "1992.??.??"]
[Round "?"]
[White "Velasquez, A."]
[Black "Giles, M."]
[Result "1-0"]
[WhiteElo "1605"]
[BlackElo "1605"]
[PlyCount "119"]
[EventDate "1992.??.??"]

1. d4 d5 2. Nf3 Nf6 3. e3 Bg4 4. c4 c6 5. Bd3 e6 6. Nbd2 Be7 7. Qb3 Qb6 8. Ne5
Qxb3 9. axb3 Bh5 10. O-O O-O 11. Ndf3 Rd8 12. Bd2 Bxf3 13. Nxf3 c5 14. Bc3 cxd4
15. Nxd4 e5 16. Nf5 Nc6 17. Nxe7+ Nxe7 18. Bxe5 dxc4 19. Bxf6 gxf6 20. Bxc4
Rac8 21. Rfd1 Rxd1+ 22. Rxd1 Rc7 23. e4 a6 24. f3 b5 25. Bd3 Nc6 26. Rc1 Rd7
27. Rd1 Nb4 28. Bc2 Rxd1+ 29. Bxd1 Nd3 30. Be2 Nxb2 31. Kf2 a5 32. Bxb5 Kf8 33.
Ke2 Ke7 34. Kd2 Kd6 35. Kc2 Kc5 36. Be8 Nc4 37. bxc4 Kxc4 38. Bxf7+ Kb4 39. f4
Kc5 40. e5 a4 41. exf6 a3 42. Kb3 Kd6 43. Kxa3 h6 44. Bg6 Ke6 45. f7 Ke7 46. g4
Kf8 47. g5 hxg5 48. fxg5 Kg7 49. h4 Kf8 50. h5 Kg7 51. Kb4 Kf8 52. h6 Ke7 53.
h7 Kf8 54. h8=Q+ Ke7 55. Qe8+ Kd6 56. Bf5 Kc7 57. Kc5 Kb7 58. Bc8+ Ka7 59. Qc6
Kb8 60. Qb7# 1-0

[Event "Flint (Beg/1)"]
[Site "?"]
[Date "1992.??.??"]
[Round "?"]
[White "Velasquez, A."]
[Black "Choate, Eric"]
[Result "1-0"]
[WhiteElo "1605"]
[BlackElo "1605"]
[PlyCount "61"]
[EventDate "1992.??.??"]

1. d4 d5 2. Nf3 Nc6 3. e3 Nf6 4. Bd3 Be6 5. Nbd2 Qd6 6. O-O g6 7. c4 Bh6 8. Qb3
O-O 9. cxd5 Bxd5 10. Bc4 Na5 11. Qc3 Qc6 12. Ne5 Qb6 13. Ndf3 Rfd8 14. Re1 Nxc4
15. Nxc4 Qc6 16. Nce5 Qe6 17. b3 Qc6 18. Nxc6 bxc6 19. Ba3 Rab8 20. Ne5 Rxb3
21. axb3 Ne4 22. Qb4 c5 23. dxc5 Bf4 24. exf4 Nf6 25. Rad1 Nd7 26. Rxd5 Rb8 27.
Qxb8+ Nxb8 28. Rd8+ Kg7 29. Rxb8 f6 30. Ng4 f5 31. Rxe7# 1-0